| 000 | 00472nam a22001697a 4500 | ||
|---|---|---|---|
| 999 |
_c14646 _d14646 |
||
| 003 | AR-CdUCM | ||
| 008 | 190424b ||||| |||| 00| 0 spa d | ||
| 040 |
_aMUNICIPALIDAD PROVINCIAL DEL CUSCO _cBIBLIOTECA MUNICIPAL DEL CUSCO |
||
| 082 |
_aC / 869.61 / _bK96 |
||
| 245 | _aKuntur / | ||
| 260 |
_aSicuani : _c1977. |
||
| 300 |
_a62 páginas ; _c17 cm. |
||
| 440 |
_aRevista literaria _n2 _933509 |
||
| 650 |
_aPoesía _9139 |
||
| 942 |
_2ddc _cPP |
||
| 945 |
_awfj _d2019-04-24 |
||